| 000 | 00629nam a2200181Ia 4500 | ||
|---|---|---|---|
| 008 | 090630s9999 xx 000 0 und d | ||
| 082 | _b17785 | ||
| 100 | _aनाथमाधव. | ||
| 245 |
_aस्वराज्याची स्थापना. _cनाथमाधव. |
||
| 260 |
_bकॉन्टीनेंटल. _c1989 |
||
| 300 | _a173 | ||
| 600 | _aनाथमाधव. | ||
| 630 | _aस्वराज्याची स्थापना. | ||
| 655 | _aकादंबरी. | ||
| 700 | _aनाथमाधव. | ||
| 730 | _aस्वराज्याची स्थापना. | ||
| 942 | _cBOOK | ||
| 999 |
_c269641 _d269641 |
||